Statistics for Movies Generator Puzzle #4

Click here to take the quiz!

General Stats

  • This quiz has been taken 13,705 times
    (13,509 since last reset)
  • The average score is 14 of 21

Answer Stats

HintAnswer% Correct
View a movieWatch
90%
How Some Like itHot
85%
Saw for a TX massacreChain
83%
Hollywood, aka Tinsel____Town
81%
Actress FeyTina
79%
Director's commandAction!
75%
Blofeld's lap petCat
74%
Actor JackieChan
74%
Nicholas Cage's ___ AirCon
74%
Actress GoldieHawn
73%
Jack Black's _____ LibreNacho
69%
Musical: ____ the WoodsInto
68%
The Seven Year ____Itch
66%
Smoking Barrels countTwo
58%
Bridges of Madison County stateIowa
57%
Eastwick residentWitch
56%
1 of The Parent Trap's 2Twin
53%
9-Letter MovieCHINATOWN
51%
Oddjob's killer objectHat
50%
Birth of a ______Nation
49%
____ Dreams May ComeWhat
44%

Score Distribution

Percentile by Number Answered

Percent of People with Each Score

Your Score History

You have not taken this quiz since the last reset